Könnyűrulett. {Ruleta}
Elmentve itt :
| Szerző: | |
|---|---|
| Adatforrás: | Meister |
| Forrásdokumentuma: | Helikon. - 2001. 1, 9-12. |
| Nyelv: | magyar |
| Kulcsszavak: | próza proza scurta short story |
| LEADER | 00371nab a2200145 i 4500 | ||
|---|---|---|---|
| 001 | bibPRO00011322 | ||
| 008 | 080908s2001 xx hun | ||
| 040 | |a Sz1 | ||
| 041 | |a hun | ||
| 100 | 1 | |a FARKAS WELLMANN Endre | |
| 245 | 1 | 0 | |a Könnyűrulett. {Ruleta} |c FARKAS WELLMANN Endre |
| 695 | |a próza | ||
| 695 | |a proza scurta | ||
| 695 | |a short story | ||
| 773 | 0 | |t Helikon. - |g 2001. 1, 9-12. | |